000 01186nam0a22002891 4500
001 rc\1124147
005 20260406145141.0
035 _a(NLR Aleph) 006366782
090 _a4957563
_c4957563
100 _a20041126d1981 |||y0rusy50 ca
101 0 _arus
102 _aRU
105 _aa |||||||||
200 1 _aПатология органов мочеполовой системы
_eСб. науч. тр.
_f[Редкол.: А.О. Шомахов (ред.) и др.]
210 _aНальчик
_cКБГУ
_d1981
215 _a174 с.
_cил.
_d21
225 1 _aВопросы теоретической и клинической медицины
_fКабард.-Балкар. гос. ун-т, Мед. фак.
320 _aБиблиогр. в конце работ
702 1 _aШомахов
_bА.О.
_4340
712 0 2 _4570
_aКабардино-Балкарский государственный университет
_cНальчик
_bМедицинский факультет
_3RU\NLR\AUTH\889924506
_9344824
801 0 _aRU
_bNLR
_gpsbo
801 1 _aRU
_bELAR
_2rusmarc
852 _aNLR
_j82-3/7522
852 _aNLR
_j82-3/6418
942 _cBOOK
980 _aNB